Regionalización agrícola de Costa Rica
Criterio para dividir en regiones, el espacio agrícola de Costa Rica, análisis socioeconómicos y ajuste final./ALLV análisis biofísicos la regionalización se llevó a cabo en cuatro etapas: zonificación ecológica de los cultivos
Salvato in:
| Ente Autore: | |
|---|---|
| Natura: | testo |
| Lingua: | Spanish |
| Pubblicazione: |
Guatemala :
Convenio IICA/ZN-ROCAP
|
| Soggetti: | |
| Tags: |
Aggiungi Tag
Nessun Tag, puoi essere il primo ad aggiungerne!!
|
MARC
| LEADER | 00000 a a2200000 04500 | ||
|---|---|---|---|
| 001 | 15627 | ||
| 003 | cru CIDCAS/IIS | ||
| 005 | 20230425101326.0 | ||
| 008 | 220614b1972 CR ||||| |||| 00| 0 spa d | ||
| 040 | |a CRAI/IIS |c CRAI/IIS | ||
| 090 | |a 02.01.02 P964r | ||
| 110 | |a Programa Conjunto SIECA-IICA para la Regionalización Agrícola de Centroamérica | ||
| 245 | |a Regionalización agrícola de Costa Rica | ||
| 260 | |a Guatemala : |b Convenio IICA/ZN-ROCAP | ||
| 300 | |a 507 p | ||
| 520 | |a Criterio para dividir en regiones, el espacio agrícola de Costa Rica, análisis socioeconómicos y ajuste final./ALLV análisis biofísicos la regionalización se llevó a cabo en cuatro etapas: zonificación ecológica de los cultivos | ||
| 650 | |a PLANIFICACION NACIONAL | ||
| 650 | |a PLANIFICACION REGIONAL | ||
| 650 | |a REGIONALIZACION | ||
| 650 | |a ESTADISTICAS AGRICOLAS | ||
| 942 | |2 ddc |c LI |h 02.01.02 P964r |i 05525 |6 020102_P964R_05525 | ||
| 999 | |c 15685 |d 15685 | ||
